00256nam a22000977a 4500040000700000082000800007100001300015245009000028260003000118300001000148 cHS a617 aKATHLEEN aimperata grassland rehabilitaion using agroforestry and assisted natural regeneration aIndonesiabKATHLEENc1999 a167p;